|
|
|
|
| LEADER |
01048nab a2200301 i 4500 |
| 001 |
publ22046 |
| 005 |
20210806084415.0 |
| 008 |
210806s2020 hu o 0|| zxx d |
| 022 |
|
|
|a 2574-9927
|
| 024 |
7 |
|
|a 10.15406/mseij.2020.04.00136
|2 doi
|
| 024 |
7 |
|
|a 31836005
|2 mtmt
|
| 040 |
|
|
|a SZTE Publicatio Repozitórium
|b hun
|
| 041 |
|
|
|a zxx
|
| 100 |
1 |
|
|a Liprandi DA
|
| 245 |
1 |
0 |
|a Graphite oxide as a support for palladium and rhodium complexes, assessed as catalysts for the partial hydrogenation of 1-heptyne
|h [elektronikus dokumentum] /
|c Liprandi DA
|
| 260 |
|
|
|c 2020
|
| 300 |
|
|
|a 110-115
|
| 490 |
0 |
|
|a Material Science & Engineering International Journal
|v 4 No. 4
|
| 700 |
0 |
1 |
|a Cagnola EA
|e aut
|
| 700 |
0 |
1 |
|a Mastalir Ágnes
|e aut
|
| 700 |
0 |
1 |
|a Szabó Tamás
|e aut
|
| 700 |
0 |
1 |
|a Paredes J
|e aut
|
| 700 |
0 |
2 |
|a Martínez Bovier L
|e aut
|
| 700 |
0 |
2 |
|a Betti C
|e aut
|
| 700 |
0 |
2 |
|a Badano JM
|e aut
|
| 700 |
0 |
2 |
|a Lederhos CR
|e aut
|
| 700 |
0 |
2 |
|a Quiroga ME
|e aut
|
| 856 |
4 |
0 |
|u http://publicatio.bibl.u-szeged.hu/22046/1/MSEIJ-04-00136.pdf
|z Dokumentum-elérés
|